000
00325nam a2200145Ia 4500
008
230718s9999 xx 000 0 und d
041
_a
Eng.
082
_a
346.42
_b
SHU-E
100
_a
Shukla M.c
245
0
_a
Electricity laws
260
_a
Pakistan
_b
S.CHAN COMPANY
_c
1948
300
_a
732
650
_a
Law
999
_c
30270
_d
30270